MARC details
| 000 -LEADER |
| fixed length control field |
01926cam a2200517 i 4500 |
| 001 - CONTROL NUMBER |
| control field |
6101 |
| 003 - CONTROL NUMBER IDENTIFIER |
| control field |
FISKH |
| 005 - DATE AND TIME OF LATEST TRANSACTION |
| control field |
20250313095205.0 |
| 008 - FIXED-LENGTH DATA ELEMENTS--GENERAL INFORMATION |
| fixed length control field |
230620t20232023nyua j 001 1 eng d |
| 010 ## - LIBRARY OF CONGRESS CONTROL NUMBER |
| LC control number |
2023289686 |
| 015 ## - NATIONAL BIBLIOGRAPHY NUMBER |
| National bibliography number |
GBC324657 |
| Source |
bnb |
| 020 ## - INTERNATIONAL STANDARD BOOK NUMBER |
| International Standard Book Number |
9780744065749 |
| Qualifying information |
(hardcover) |
| 020 ## - INTERNATIONAL STANDARD BOOK NUMBER |
| International Standard Book Number |
635517093971 |
| 020 ## - INTERNATIONAL STANDARD BOOK NUMBER |
| International Standard Book Number |
9780744065756 |
| Qualifying information |
(paperback) |
| 040 ## - CATALOGING SOURCE |
| Original cataloging agency |
UKMGB |
| Language of cataloging |
eng |
| Description conventions |
rda |
| Transcribing agency |
UKMGB |
| Modifying agency |
DLC |
| 050 ## - LIBRARY OF CONGRESS CALL NUMBER |
| Classification number |
QE862.D5 T37 |
| 082 ## - DEWEY DECIMAL CLASSIFICATION NUMBER |
| Classification number |
567.9 |
| 100 1# - MAIN ENTRY--PERSONAL NAME |
| Personal name |
Davis, Lee, |
| Dates associated with a name |
1941- |
| Relator term |
author. |
| 245 10 - TITLE STATEMENT |
| Title |
Dinosaur dinners / |
| Statement of responsibility, etc. |
Written by Lee Davis |
| 260 ## - PUBLICATION, DISTRIBUTION, ETC. |
| Place of publication, distribution, etc. |
London : |
| Name of publisher, distributor, etc. |
DK publishing, |
| Date of publication, distribution, etc. |
1998 |
| 300 ## - PHYSICAL DESCRIPTION |
| Extent |
32 pages : |
| Other physical details |
color illustrations ; |
| Dimensions |
23 cm. |
| 336 ## - CONTENT TYPE |
| Content type term |
text |
| Content type code |
txt |
| Source |
rdacontent |
| 336 ## - CONTENT TYPE |
| Content type term |
still image |
| Content type code |
sti |
| Source |
rdacontent |
| 337 ## - MEDIA TYPE |
| Media type term |
unmediated |
| Media type code |
n |
| Source |
rdamedia |
| 338 ## - CARRIER TYPE |
| Carrier type term |
volume |
| Carrier type code |
nc |
| Source |
rdacarrier |
| 490 1# - SERIES STATEMENT |
| Series statement |
DK super readers. Level 2 |
| 500 ## - GENERAL NOTE |
| General note |
Includes index. |
| 505 ## - FORMATTED CONTENTS NOTE |
| Formatted contents note |
L<br/> |
| 520 ## - SUMMARY, ETC. |
| Summary, etc. |
"Use your reading superpowers to learn all about what dinosaurs ate - a high-quality, fun, nonfiction reader - carefully leveled to help children progress. Children will love to find out about the different dinosaur dinners, from T-Rex's sharp bone crushing teeth to the plant-based diet of gentle giant Brachiosaurus." |
| 521 8# - TARGET AUDIENCE NOTE |
| Target audience note |
520<br/> |
| Source |
Lexile <br/> |
| 521 8# - TARGET AUDIENCE NOTE |
| Target audience note |
L<br/> |
| Source |
Raz-Plus<br/> |
| 650 #0 - SUBJECT ADDED ENTRY--TOPICAL TERM |
| Topical term or geographic name entry element |
Dinosaurs |
| General subdivision |
Food |
| Form subdivision |
Juvenile literature. |
| 650 #0 - SUBJECT ADDED ENTRY--TOPICAL TERM |
| Topical term or geographic name entry element |
Food habits |
| Form subdivision |
Juvenile literature. |
| 650 #0 - SUBJECT ADDED ENTRY--TOPICAL TERM |
| Topical term or geographic name entry element |
Readers (Elementary) |
| 650 #1 - SUBJECT ADDED ENTRY--TOPICAL TERM |
| Topical term or geographic name entry element |
Dinosaurs. |
| 650 #1 - SUBJECT ADDED ENTRY--TOPICAL TERM |
| Topical term or geographic name entry element |
Animal behavior. |
| 650 #7 - SUBJECT ADDED ENTRY--TOPICAL TERM |
| Topical term or geographic name entry element |
Dinosaurs |
| General subdivision |
Food. |
| Source of heading or term |
fast |
| Authority record control number or standard number |
(OCoLC)fst00894009 |
| 650 #7 - SUBJECT ADDED ENTRY--TOPICAL TERM |
| Topical term or geographic name entry element |
Readers (Elementary) |
| Source of heading or term |
fast |
| Authority record control number or standard number |
(OCoLC)fst01090601 |
| 655 #0 - INDEX TERM--GENRE/FORM |
| Genre/form data or focus term |
Beginning Readers Nonfiction. |
| 655 #7 - INDEX TERM--GENRE/FORM |
| Genre/form data or focus term |
Juvenile works. |
| Source of term |
fast |
| Authority record control number or standard number |
(OCoLC)fst01411637 |
| 655 #7 - INDEX TERM--GENRE/FORM |
| Genre/form data or focus term |
Illustrated works. |
| Source of term |
lcgft |
| 655 #7 - INDEX TERM--GENRE/FORM |
| Genre/form data or focus term |
Readers (Publications) |
| Source of term |
lcgft |
| 906 ## - LOCAL DATA ELEMENT F, LDF (RLIN) |
| a |
7 |
| b |
cbc |
| c |
copycat |
| d |
2 |
| e |
ncip |
| f |
20 |
| g |
y-gencatlg |
| 942 ## - ADDED ENTRY ELEMENTS (KOHA) |
| Source of classification or shelving scheme |
Dewey Decimal Classification |
| Koha item type |
Books |
| Suppress in OPAC |
No |